000 00329 a2200145 4500
001 153583
040 _cEscola São Tomás de Aquino
100 _aCARVALHO, Ilka Valle de
240 1 0 _aQuim, o sagui
_lpor
245 1 0 _aQuim, o sagui
362 0 _a2007
440 1 _aDubolsinho
697 _a*LITERATURA JUVENIL
942 _cBK
999 _c153583
_d153583